000 00848cam a2200253 4500
999 _c60628
_d60628
001 3622363
003 ARRUPE
005 20170801121514.0
008 740122s1974 ilu b 001 0 eng
010 _a 74001040
020 _a0838901778
040 _aDLC
_cDLC
_dDLC
050 0 0 _aB829.5
_b.S67
082 0 0 _a142/.7
100 1 _aStewart, David,
_d1938-
_934214
245 1 0 _aExploring phenomenology:
_ba guide to the field and its literature
_c[by] David Stewart and Algis Mickunas.
260 _aChicago,
_bAmerican Library Association,
_c1974.
300 _aix, 165 p.
_c24 cm.
504 _aIncludes bibliographies.
650 0 _aPhenomenology.
_934215
650 0 _aPhenomenology
_vBibliography.
_934216
700 1 _aMickunas, Algis,
_ejoint author.
_934217
906 _a7
_bcbc
_corignew
_d1
_eocip
_f19
_gy-gencatlg
942 _2lcc
_cMONOGRAPH